000 00703nam a2200193Ia 4500
003 LDD
008 190117s9999 xx 000 0 und d
020 _a9789385054615
_c₹240
040 _cLDD
041 _ahi
082 _a8H1.71 शु1166क
100 _aशुक्ल, श्रीप्रकाश
245 0 _aकवि ने कहा - श्रीप्रकाश शुक्ल
_cश्रीप्रकाश शुक्ल
260 _aदिल्ली
_bकिताबघर प्रकाशन
_c2016
300 _a136p.
901 _aKGP
904 _aReqst by : Jitendra Kumar Srivasta
942 _2ddc
_cH
999 _c171970
_d171970